| 000 | 00628nam a2200205 a 4500 | ||
|---|---|---|---|
| 005 | 20240228064036.0 | ||
| 008 | 120613s2000 mx r 000 0 spa d | ||
| 020 | _a9702001242 | ||
| 035 | _aUPN01000185078 | ||
| 049 | _aI | ||
| 050 | 4 |
_aPZ78 _bM8.25 |
|
| 100 | 1 |
_aMuñoz Ledo Carrasco, Norma, _d1967- |
|
| 245 | 1 | 4 |
_aLos cuentos de la casa del árbol / _cNorma Muñoz Ledo Carrasco ; il. John Olson. |
| 260 |
_aMéxico : _bCastillo, _cc2000. |
||
| 300 |
_a71 p. : _bil. col. |
||
| 440 | 0 | _aCastillo de la lectura | |
| 650 | 4 |
_aCuentos infantiles _96744 |
|
| 650 | 4 |
_aLibros y lectura para niños _92290 |
|
| 905 | _aInfantil | ||
| 999 |
_c157181 _d157181 |
||